Európska hospodárska a menová únia
Prednáška W. Piniho, bývalého generálneho riaditeľa pre hospodársku, menovú a sociálnu politiku pri Rade ministrov. Európsky menový systém (EMS). Hospodárska a menová únia - 3 fázy. Charakteristika 3 fáz hospodárskej a menovej únie. Splnenie podmienok nevyhnutných pre účasť v konečnej fáze menovej ú...
Saved in:
| Main Author: | |
|---|---|
| Format: | Book Chapter |
| Language: | Slovak |
| Subjects: | |
| Tags: |
No Tags, Be the first to tag this record!
|
MARC
| LEADER | 00000naa a2200000 4500 | ||
|---|---|---|---|
| 001 | r017711 | ||
| 005 | 20221213100815.2 | ||
| 041 | 0 | |a slo | |
| 044 | |a SK | ||
| 245 | 1 | 0 | |a Európska hospodárska a menová únia |c W. Pini |
| 520 | |a Prednáška W. Piniho, bývalého generálneho riaditeľa pre hospodársku, menovú a sociálnu politiku pri Rade ministrov. Európsky menový systém (EMS). Hospodárska a menová únia - 3 fázy. Charakteristika 3 fáz hospodárskej a menovej únie. Splnenie podmienok nevyhnutných pre účasť v konečnej fáze menovej únie. | ||
| 610 | 2 | 0 | |a Európska únia |
| 610 | 2 | 0 | |a Európsky menový systém |
| 610 | 2 | 0 | |a únie hospodárske |
| 610 | 2 | 0 | |a únie menové |
| 610 | 2 | 0 | |a Európa |
| 100 | 1 | |a Pini, W. | |